Sports Quiz

Random Sports or MLB Quiz

MLB: First Winning Pitchers of 2015 Quiz Stats

 Plays Quiz not verified by Sporcle

Challenge
Share
Tweet
Embed
Score 0/30 Timer 08:00
0 Plays Today
Team Pitcher % Correct
Seattle MarinersFelix Hernandez
72.5%
Detroit TigersDavid Price
68.3%
St. Louis CardinalsAdam Wainwright
66.1%
San Francisco GiantsMadison Bumgarner
63%
New York MetsBartolo Colon
56%
Oakland AthleticsSonny Gray
52.5%
Baltimore OriolesChris Tillman
50.9%
Kansas City RoyalsYordano Ventura
50.4%
Boston Red SoxClay Buchholz
50.1%
Atlanta BravesJulio Teheran
44.3%
Los Angeles Angels of AnaheimCJ Wilson
42.6%
Houston AstrosDallas Keuchel
42.5%
Chicago CubsJake Arrieta
40.5%
Washington NationalsJordan Zimmermann
39.7%
Toronto Blue JaysDrew Hutchison
32.9%
Team Pitcher % Correct
Cleveland IndiansCarlos Carrasco
29%
New York YankeesDellin Betances
28.5%
Philadelphia PhilliesAaron Harang
25.9%
Colorado RockiesKyle Kendrick
25.7%
Texas RangersColby Lewis
20.6%
Tampa Bay RaysJake Odorizzi
19%
Arizona DiamondbacksRubby De La Rosa
18.9%
Los Angeles DodgersJoel Peralta
14.3%
Pittsburgh PiratesJeff Locke
13.6%
Milwaukee BrewersJimmy Nelson
12.7%
San Diego PadresJoaquin Benoit
12.2%
Minnesota TwinsTommy Milone
8.7%
Chicago White SoxZach Duke
7.4%
Cincinnati RedsJumbo Diaz
7.1%
Miami MarlinsBryan Morris
3.9%

You're not logged in!

Compare scores with friends on all Sporcle quizzes.
Join for Free
OR
Log In

Show Comments

Extras

Top Quizzes Today


Score Distribution

Your Account Isn't Verified!

In order to create a playlist on Sporcle, you need to verify the email address you used during registration. Go to your Sporcle Settings to finish the process.

Report this User

Report this user for behavior that violates our Community Guidelines.

Details: